Y học cho mọi người
Đã lưu trong:
| Tác giả chính: | |
|---|---|
| Định dạng: | Sách |
| Ngôn ngữ: | Undetermined |
| Được phát hành: |
Tp. Hồ Chí Minh
Thanh NIên
2005
|
| Những chủ đề: | |
| Các nhãn: |
Thêm thẻ
Không có thẻ, Là người đầu tiên thẻ bản ghi này!
|
| Thư viện lưu trữ: | Trung tâm Học liệu Trường Đại học Cần Thơ |
|---|
| LEADER | 00547nam a2200193Ia 4500 | ||
|---|---|---|---|
| 001 | CTU_97278 | ||
| 008 | 210402s9999 xx 000 0 und d | ||
| 020 | |c 19000 | ||
| 082 | |a 610 | ||
| 082 | |b H107 | ||
| 100 | |a Trần, Phương Hạnh | ||
| 245 | 0 | |a Y học cho mọi người | |
| 245 | 0 | |c Trần Phương Hạnh | |
| 260 | |a Tp. Hồ Chí Minh | ||
| 260 | |b Thanh NIên | ||
| 260 | |c 2005 | ||
| 650 | |a Health education,Public health | ||
| 904 | |i Minh(Tuyến) | ||
| 980 | |a Trung tâm Học liệu Trường Đại học Cần Thơ | ||